000 00324nam a2200133Ia 4500
005 20251222155054.0
008 251222s9999||||xx |||||||||||||| ||spa||
082 _aSIC. 06
100 _aHURLOCK Elizabeth.
245 0 _aDesarrollo del Niño - 6ta. Edición
250 _a2da. ed.
264 _bMc.Graw Hill
942 _cLIB
999 _c37406
_d37406